00261nam a22001097a 4500003000400000082001500004100002500019245006400044250000900108260002600117300000800143SGT a519.5bMEN aMENDENHALL, WILLIAM  aINTRODUCTION TO PROBABILITY AND STATISTICS WITH COURSEMATE  a19TH aDELHI bCENGAGEc2018 a721